Civil lines : (Record no. 128108)

MARC details
000 -LEADER
fixed length control field 00619nam a22002057a 4500
005 - DATE AND TIME OF LATEST TRANSACTION
control field 20170124110035.0
010 ## - LIBRARY OF CONGRESS CONTROL NUMBER
LC control number A-782343
020 ## - INTERNATIONAL STANDARD BOOK NUMBER
Terms of availability 00.00
International Standard Book Number 0863115845
035 ## - SYSTEM CONTROL NUMBER
System control number A-782343
037 ## - SOURCE OF ACQUISITION
Source of stock number/acquisition Cen Lib/Ret
040 ## - CATALOGING SOURCE
Original cataloging agency dpl
Language of cataloging EN
082 ## - DEWEY DECIMAL CLASSIFICATION NUMBER
Classification number 888
Item number CIV
245 ## - TITLE STATEMENT
Title Civil lines :
Statement of responsibility, etc edited by Rukun Advani...[et al.]
Remainder of title new writing from India /
260 ## - PUBLICATION, DISTRIBUTION, ETC. (IMPRINT)
Name of publisher, distributor, etc Ravi Dayal Publishers
Date of publication, distribution, etc 1996
Place of publication, distribution, etc New Delhi
270 ## - ADDRESS
Address 51 E Sujan SIngh Park
City New Delhi
Postal code 110003
300 ## - PHYSICAL DESCRIPTION
Extent 164p.
Dimensions 20cm(Hb)
650 ## - SUBJECT ADDED ENTRY--TOPICAL TERM
Topical term or geographic name as entry element Writings in India.
9 (RLIN) 22425
700 ## - ADDED ENTRY--PERSONAL NAME
Personal name Advani, Rukun
9 (RLIN) 104432
942 ## - ADDED ENTRY ELEMENTS (KOHA)
Source of classification or shelving scheme Dewey Decimal Classification
Koha item type English Books
Classification part 888
Call number suffix CIV
Holdings
Withdrawn status Lost status Damaged status Not for loan Home library Current library Date acquired Source of acquisition Cost, normal purchase price Total Checkouts Full call number Barcode Date last seen Copy number Cost, replacement price Price effective from Koha item type Public note
Written off       Central Library Central Library 01/07/2015 Cen Lib/Ret 0.00   888 CIV A-782343 01/07/2015 1 0.00 01/07/2015 English Books Written off on approval by DLB (By Circulation); dtd 15-06-2023

© Delhi Public Library
Hit Counter
free hit counter